<?xml version="1.0" encoding="UTF-8"?>
<record
    xmlns:xsi="http://www.w3.org/2001/XMLSchema-instance"
    xsi:schemaLocation="http://www.loc.gov/MARC21/slim http://www.loc.gov/standards/marcxml/schema/MARC21slim.xsd"
    xmlns="http://www.loc.gov/MARC21/slim">

  <leader>00830naa a22001571i 4500</leader>
  <controlfield tag="001">10457</controlfield>
  <controlfield tag="003">KOSZ 005</controlfield>
  <controlfield tag="005">20180423131429.0</controlfield>
  <controlfield tag="008">180404s2007    li ||||f |||| 10| 0 eng|d</controlfield>
  <datafield tag="040" ind1=" " ind2=" ">
    <subfield code="c">KOSZ 005/HR</subfield>
    <subfield code="a">KOSZ 005/HR</subfield>
  </datafield>
  <datafield tag="100" ind1="1" ind2="0">
    <subfield code="a">ZAGUBIE&#x143;, Adam.</subfield>
    <subfield code="d">1996 - .</subfield>
    <subfield code="b">Politechnika Koszali&#x144;ska - Wydzia&#x142; Budownictwa i In&#x17C;ynierii &#x15A;rodowiska,</subfield>
    <subfield code="c">Katedra Mechaniki Budowli</subfield>
  </datafield>
  <datafield tag="245" ind1="1" ind2="0">
    <subfield code="a">Technical fabrics in construction of large scale roofs :</subfield>
    <subfield code="b">numerical and experimental aspects /</subfield>
    <subfield code="c">P. K&#x142;osowski, A. Ambroziak, Adam Zagubie&#x144;.</subfield>
  </datafield>
  <datafield tag="655" ind1=" " ind2="0">
    <subfield code="a">Materia&#x142;y konferencyjne.</subfield>
  </datafield>
  <datafield tag="773" ind1="0" ind2=" ">
    <subfield code="i">W :</subfield>
    <subfield code="t">The 9th International Conference Modern Building Materials, Structures and Techniques, May 16 -18, 2007, Vilnius, Lithuania : selected papers. Vol. 1. -</subfield>
    <subfield code="d">Vilnius : Technika,  2007. -</subfield>
    <subfield code="g">s. 407-408</subfield>
    <subfield code="z"> 9789955281986</subfield>
  </datafield>
  <datafield tag="942" ind1=" " ind2=" ">
    <subfield code="c">ROZ</subfield>
    <subfield code="2">UKD</subfield>
  </datafield>
  <datafield tag="999" ind1=" " ind2=" ">
    <subfield code="c">10457</subfield>
    <subfield code="d">10457</subfield>
  </datafield>
</record>
